ბათუმის შოთა რუსთაველის სახელმწიფო უნივერსიტეტის ბიბლიოთეკა

Наука о переводе.(история и теория с древнейщих времен до наших дней) (ბიბ.ჩანაწერი № 35146)

000 -LEADER
fixed length control field 00762nam a2200241Ia 4500
001 - CONTROL NUMBER
control field 988
003 - CONTROL NUMBER IDENTIFIER
control field GE_BSU
008 - FIXED-LENGTH DATA ELEMENTS--GENERAL INFORMATION
fixed length control field 181216s||||||||xx |||||||||||||| ||und||
020 ## - INTERNATIONAL STANDARD BOOK NUMBER
International Standard Book Number 9785893497212
040 ## - CATALOGING SOURCE
Transcribing agency GE_BSU
080 ## - UNIVERSAL DECIMAL CLASSIFICATION NUMBER
Universal Decimal Classification number 81(075.8)
100 ## - MAIN ENTRY--PERSONAL NAME
Personal name Нелюбин,Л.Л;Хухуни,Г.Е;
245 ## - TITLE STATEMENT
Title Наука о переводе.(история и теория с древнейщих времен до наших дней)
245 ## - TITLE STATEMENT
Remainder of title Учебное пособие.
250 ## - EDITION STATEMENT
Edition statement Изд. 2-е
260 ## - PUBLICATION, DISTRIBUTION, ETC.
Place of publication, distribution, etc. Москва
260 ## - PUBLICATION, DISTRIBUTION, ETC.
Name of publisher, distributor, etc. Флинта :МПСИ
260 ## - PUBLICATION, DISTRIBUTION, ETC.
Date of publication, distribution, etc. 2008
300 ## - PHYSICAL DESCRIPTION
Extent 416 с.
653 ## - INDEX TERM--UNCONTROLLED
Uncontrolled term История и теория с древнейших времен до наших дней
942 ## - ADDED ENTRY ELEMENTS (KOHA)
Koha item type წიგნი
ეგზემპლარები
Withdrawn status Lost status Damaged status Not for loan Date acquired Barcode Date last seen Price effective from Koha item type Public note
        2018-12-17 2487 2018-12-17 2018-12-17 წიგნი საცავი
        2018-12-17 2488 2018-12-17 2018-12-17 წიგნი საცავი
        2018-12-17 2489 2018-12-17 2018-12-17 წიგნი საცავი
        2018-12-17 2490 2018-12-17 2018-12-17 წიგნი საცავი
        2018-12-17 2491 2018-12-17 2018-12-17 წიგნი საცავი